000 00723nam a22002417a 4500
999 _c17480
_d17480
003 AR-CdUCM
008 190508b ||||| |||| 00| 0 spa d
040 _aMUNICIPALIDAD PROVINCIAL DEL CUSCO
_cBIBLIOTECA MUNICIPAL DEL CUSCO
082 _a869.56 /
_bW151
100 _aWagner, José S.
_937522
245 _aMina, dos capas de un alma :
_bnovela /
260 _aLima :
_bTalleres camañia,
_c1941.
300 _a86 paginas ;
_c18 cm.
505 _aContenido : Novela
650 _aNovela
_95
650 _aNovelas peruanas
_9545
650 _aNovela Latinoamericana
_9130
650 _aSiglo XX
_98
650 _aLa mina
_937523
650 _aBelleza
_92629
942 _2ddc
_cLIBROS
945 _awnts
_d2019-05-08